| 000 | 01294nam a2200325 a 4500 | ||
|---|---|---|---|
| 001 | ebr10285278 | ||
| 003 | CaPaEBR | ||
| 006 | m u | ||
| 007 | cr cn||||||||| | ||
| 008 | 061201s2007 cau sb 001 0 eng | ||
| 010 | _z 2006939577 | ||
| 020 | _z9781412935715 | ||
| 020 | _z9781412935722 | ||
| 040 |
_aCaPaEBR _cCaPaEBR |
||
| 035 | _a(OCoLC)320972429 | ||
| 043 | _ae-uk--- | ||
| 050 | 1 | 4 |
_aLB1139.3.G7 _bE268 2007eb |
| 245 | 0 | 0 |
_aEarly childhood education and care _h[electronic resource] : _bpolicy and practice / _cedited by Margaret Clark, Tim Waller. |
| 260 |
_aThousand Oaks, CA : _bSAGE Publications, _c2007. |
||
| 300 | _axv, 192 p. | ||
| 504 | _aIncludes bibliographical references and index. | ||
| 533 |
_aElectronic reproduction. _bPalo Alto, Calif. : _cebrary, _d2013. _nAvailable via World Wide Web. _nAccess may be limited to ebrary affiliated libraries. |
||
| 650 | 0 |
_aEarly childhood education _xGovernment policy _zGreat Britain. |
|
| 650 | 0 |
_aChild care _xGovernment policy _zGreat Britain. |
|
| 655 | 7 |
_aElectronic books. _2local |
|
| 700 | 1 | _aClark, Margaret. | |
| 700 | 1 | _aWaller, Tim. | |
| 710 | 2 | _aebrary, Inc. | |
| 856 | 4 | 0 |
_uhttp://site.ebrary.com/lib/rucke/Doc?id=10285278 _zAn electronic book accessible through the World Wide Web; click to view |
| 999 |
_c16892 _d16892 |
||